Central Library OPAC University of Rajshahi

The collected essays, journalism, and letters of George Orwell. (Record no. 37825)

MARC details
000 -LEADER
fixed length control field 01091nam a2200289 a 4500
001 - CONTROL NUMBER
control field 37825
003 - CONTROL NUMBER IDENTIFIER
rucl marc code BD-RjUL
005 - DATE AND TIME OF LATEST TRANSACTION
control field 20211209052648.0
008 - FIXED-LENGTH DATA ELEMENTS--GENERAL INFORMATION
fixed length control field 150729s19801968nyuch b 001 0deng
035 ## - SYSTEM CONTROL NUMBER
System control number (BD-RjUL) 37930
040 ## - CATALOGING SOURCE
Original cataloging agency DLC
Transcribing agency DLC
Modifying agency BD-RjUL
Language of cataloging eng
041 ## - LANGUAGE CODE
Language code of text/sound track or separate title eng
082 ## - DEWEY DECIMAL CLASSIFICATION NUMBER
Classification number 828.912
Author mark and year COLL 1968
100 1# - MAIN ENTRY--PERSONAL NAME
Personal name Orwell, George,
Dates associated with a name 1903-1950.
9 (RLIN) 117181
245 14 - TITLE STATEMENT
Title The collected essays, journalism, and letters of George Orwell.
Statement of responsibility, etc. Edited by Sonia Orwell and Ian Angus.
250 ## - EDITION STATEMENT
Edition statement [1st ed.]
260 ## - PUBLICATION, DISTRIBUTION, ETC. (IMPRINT)
Place of publication, distribution, etc. New York,
Name of publisher, distributor, etc. Harcourt, Brace & World
Date of publication, distribution, etc. 1968
300 ## - PHYSICAL DESCRIPTION
Pagination .621p
Size 23 cm.
504 ## - BIBLIOGRAPHY, ETC. NOTE
Bibliography, etc Bibliographical footnotes.
505 0# - FORMATTED CONTENTS NOTE
Formatted contents note v. 1. An age like this, 1920-1940.--v. 2. My country right or left, 1940-1943.--v. 3. As I please, 1943-1945.--v. 4. In front of your nose, 1945-1950.
600 10 - SUBJECT ADDED ENTRY--PERSONAL NAME
Personal name Orwell, George,
Dates associated with a name 1903-1950
General subdivision Correspondence.
650 #0 - SUBJECT ADDED ENTRY--TOPICAL TERM
Topical term or geographic name as entry element Authors, English
Chronological subdivision 20th century
General subdivision Correspondence.
9 (RLIN) 117183
Topical term or geographic name as entry element Journalists
Geographic subdivision Great Britain
General subdivision Correspondence.
9 (RLIN) 117184
942 ## - ADDED ENTRY ELEMENTS (KOHA)
Source of classification or shelving scheme Dewey Decimal Classification
Koha item type Books
Holdings
Lost status Source of classification or shelving scheme Damaged status Not for loan Collection code Permanent Location Current Location Shelving location Date acquired Source of acquisition Cost, normal purchase price Total Checkouts Full call number Date last seen Copy number Koha item type
  Dewey Decimal Classification     Non-fiction Central Library, University of Rajshahi Central Library, University of Rajshahi   03/08/1982 Heffer 2.95   828.912 COLL 1968 29/07/2015 C-2 Books